| 000 | 00372nam a2200157Ia 4500 | ||
|---|---|---|---|
| 008 | 210210b1930 xxu||||| |||| 00| 0 eng d | ||
| 041 | _aeng | ||
| 082 | _a822/746 | ||
| 100 | _aLUCAS (E V) | ||
| 245 | _aTravellers luck | ||
| 260 |
_aLondon _bMethuen and Company Limited _c1930 |
||
| 650 | _aTravellers | ||
| 650 | _aluck | ||
| 690 | _aEnglish Prose | ||
| 906 | _a012930 | ||
| 999 |
_c131761 _d131761 |
||